| 000 | 00571nam a2200205 a 4500 | ||
|---|---|---|---|
| 005 | 20250829063930.0 | ||
| 008 | 991125s1982 fr 000 0 spa u | ||
| 020 | _a923301857 | ||
| 035 | _aUPN01000002544 | ||
| 049 | _aF | ||
| 050 | 4 |
_aLC149 _bL4.3 |
|
| 100 | 1 | _aLestage, André | |
| 245 | 1 | 0 |
_aAnalfabetismo y alfabetización / _cpor André Lestage. |
| 260 |
_aParís : _bUNESCO, _c1982. |
||
| 300 | _a31 p. | ||
| 440 | 0 |
_aEstudios y documentos de educación ; _v42 |
|
| 650 | 4 |
_aAlfabetización (Educación) _91831 |
|
| 650 | 4 |
_aAnalfabetismo _94901 |
|
| 905 | _aLibro | ||
| 999 |
_c2544 _d2544 |
||